Pulse (Record no. 120864)

MARC details
000 -LEADER
fixed length control field 00811cai a22001815a 4500
001 - CONTROL NUMBER
control field E150262
008 - FIXED-LENGTH DATA ELEMENTS--GENERAL INFORMATION
fixed length control field 100617u xxk g 000 0 eng d
035 ## - SYSTEM CONTROL NUMBER
System control number (Sirsi) u150262
041 0# - LANGUAGE CODE
Language code of text/sound track or separate title eng
110 2# - MAIN ENTRY--CORPORATE NAME
Corporate name or jurisdiction name as entry element Architecture and Design Scotland
9 (RLIN) 5714
245 00 - TITLE STATEMENT
Title Pulse
Remainder of title inspiring better health design
Medium [electronic resource]
520 ## - SUMMARY, ETC.
Summary, etc. A database of case studies and images which promote best practice for new healthcare environments. All resources can be downloaded and can be used to produce Design Statements, set objectives and provide benchmarks for delivery.
590 ## - LOCAL NOTE (RLIN)
Local note KA
651 #4 - SUBJECT ADDED ENTRY--GEOGRAPHIC NAME
Geographic name Scotland
Chronological subdivision 1999-
690 ## - LOCAL SUBJECT ADDED ENTRY--TOPICAL TERM (OCLC, RLIN)
Topical term or geographic name as entry element PROPERTY-OTHER PROPERTY TYPES-HEALTHCARE AND WELFARE PROPERTY
856 40 - ELECTRONIC LOCATION AND ACCESS
Uniform Resource Identifier <a href="https://www.healthierplaces.org/">https://www.healthierplaces.org/</a>
Public note View the website free of charge at www.healthierplaces.org
942 ## - ADDED ENTRY ELEMENTS (KOHA)
Suppress in OPAC 0
Holdings
Withdrawn status Lost status Source of classification or shelving scheme Damaged status Not for loan Home library Current library Shelving location Date acquired Total Checkouts Full call number Barcode Date last seen Copy number Price effective from Koha item type
    Dewey Decimal Classification     Virtual Virtual Online 17/06/2010   WEBSITE 150262-2001 06/08/2019 1 06/08/2019 Online material